A Péter-Pál napi parasztkongresszus betiltó végzését a kerületi főkapitány is helyben hagyta Dénes István új gyűlésre kéri a rendőrségtől engedélyt
Elmentve itt :
| Dokumentumtípus: | Cikk |
|---|---|
| Megjelent: |
1929-06-28
|
| Sorozat: | Délmagyarország
5 No. 144 |
| Kulcsszavak: | Dénes István, Parasztkongresszus Péter Pál-napi Szeged 1929 |
| Online Access: | http://dmarchiv.bibl.u-szeged.hu/46968 |
| LEADER | 00588nab a2200145 i 4500 | ||
|---|---|---|---|
| 001 | delm46968 | ||
| 005 | 20180927131850.0 | ||
| 008 | 180927s1929 hu o 0|| hun d | ||
| 040 | |a SZTE Délmagyarország Archívum |b hun | ||
| 041 | |a hun | ||
| 245 | 0 | 2 | |a A Péter-Pál napi parasztkongresszus betiltó végzését a kerületi főkapitány is helyben hagyta |h [elektronikus dokumentum] : |b Dénes István új gyűlésre kéri a rendőrségtől engedélyt |
| 260 | |c 1929-06-28 | ||
| 300 | |a 5 | ||
| 490 | 0 | |a Délmagyarország |v 5 No. 144 | |
| 695 | |a Dénes István, Parasztkongresszus Péter Pál-napi Szeged 1929 | ||